Marketingkommunikáció jelentősége egy város, Huelva példáján keresztül
| Szerző: | |
|---|---|
| További közreműködők: | |
| Dokumentumtípus: | Diplomadolgozat |
| Kulcsszavak: | közösségi média marketingeszközök marketingkommunikáció online marketing stratégia turizmus |
| Online Access: | http://dolgozattar.uni-bge.hu/59554 |
MARC
| LEADER | 00000nta a2200000 i 4500 | ||
|---|---|---|---|
| 001 | dolg59554 | ||
| 005 | 20260409145225.0 | ||
| 008 | 260409suuuu hu om 000 hun d | ||
| 040 | |a BGE Dolgozattár Repozitórium |b hun | ||
| 041 | |a hu | ||
| 100 | 1 | |a Horváth Vivien | |
| 245 | 1 | 0 | |a Marketingkommunikáció jelentősége egy város, Huelva példáján keresztül |c Horváth Vivien |h [elektronikus dokumentum] |
| 520 | 3 | |a Napjainkban a turizmus egyre inkább kulcsfontosságú szerepet játszik a városok és régióközpontok fejlődésében,kulturális diverzifikációjában és a gazdaság élénkítésében. Ezalól Huelva város, Huelva tartomány székhelye sem kivétel, az elmúlt években egyre növekvő turisztikai érdeklődést tapasztalt. A város és a tartomány turisztikai fejlődését elősegítendő, Huelva új alapokra helyezte turizmusmarketingjét.Dolgozatom célja Huelva turizmusmarketingjének és marketingkommunikációs eszközeinek alapos elemzése, értékelése és az esetleges fejlesztési lehetőségek azonosítása. | |
| 695 | |a közösségi média | ||
| 695 | |a marketingeszközök | ||
| 695 | |a marketingkommunikáció | ||
| 695 | |a online marketing | ||
| 695 | |a stratégia | ||
| 695 | |a turizmus | ||
| 700 | 1 | |a Sipos Erika |e ths | |
| 856 | 4 | 0 | |u http://dolgozattar.uni-bge.hu/59554/1/Horv%C3%A1th_Vivien_H598JU_Szakdolgozat_2025.pdf |z Dokumentum-elérés |
| 856 | 4 | 0 | |u http://dolgozattar.uni-bge.hu/59554/2/Horv%C3%A1th%20Vivien_opponens_Del%20Medico%20Anna.pdf |z Dokumentum-elérés |
| 856 | 4 | 0 | |u http://dolgozattar.uni-bge.hu/59554/3/Horv%C3%A1th%20Vivien%20konzulensi%20b%C3%ADr%C3%A1lata.pdf |z Dokumentum-elérés |